Análisis de tecnologías de radio digital terrestre y sus posibilidades de implementación en Costa Rica

محفوظ في:
التفاصيل البيبلوغرافية
المؤلف الرئيسي: Apuy Mórux, Pedro Andrés
التنسيق: كتاب
اللغة:Spanish
منشور في: 2013
الموضوعات:
الوسوم: إضافة وسم
لا توجد وسوم, كن أول من يضع وسما على هذه التسجيلة!

MARC

LEADER 00000nam a22000007a 4500
003 011819
005 20221231143905.0
008 150324b2013 cr a|||| |||| 00| 0 spa d
040 |c cru CEDI  
090 |a TFG 6988 
100 |9 674  |a Apuy Mórux, Pedro Andrés 
245 |a  Análisis de tecnologías de radio digital terrestre y sus posibilidades de implementación en Costa Rica 
260 |c 2013 
500 |a Proyecto de graduación (bachillerato en ingeniería eléctrica)-- Universidad de Costa Rica. Facultad de Ingeniería. Escuela de Ingeniería Eléctrica 
650 |x RADIO DIGITAL  |x  COMUNICACIONES DIGITALES  |x TRANSMISION DE AUDIO DIGITAL  |x SISTEMAS DE TELECOMUNICACION  |x RADIODIFUSION  |9 675 
942 |c TFG 
999 |c 13796  |d 13796